Proceedings of photochemotherapy, photodynamic therapy and other modalities, 14-16 September 1995, Barcelona, Spain / (Record no. 13668)
[ view plain ]
| 000 -LEADER | |
|---|---|
| fixed length control field | 00961cam a22002894a 4500 |
| 001 - CONTROL NUMBER | |
| control field | 73114 |
| 003 - CONTROL NUMBER IDENTIFIER | |
| control field | OSt |
| 005 - DATE AND TIME OF LATEST TRANSACTION | |
| control field | 20160510153815.0 |
| 008 - FIXED-LENGTH DATA ELEMENTS--GENERAL INFORMATION | |
| fixed length control field | 960220s1996 waua b 101 0 eng |
| 010 ## - LIBRARY OF CONGRESS CONTROL NUMBER | |
| LC control number | 95070007 |
| 020 ## - INTERNATIONAL STANDARD BOOK NUMBER | |
| International Standard Book Number | 0819419893 (pbk.) |
| 040 ## - CATALOGING SOURCE | |
| Original cataloging agency | SEKU |
| 042 ## - AUTHENTICATION CODE | |
| Authentication code | pcc |
| 050 00 - LIBRARY OF CONGRESS CALL NUMBER | |
| Classification number | RC 271 |
| Item number | .E34 1996 |
| 082 00 - DEWEY DECIMAL CLASSIFICATION NUMBER | |
| Classification number | 616.99/40631 |
| Edition number | 21 |
| 100 ## - MAIN ENTRY--PERSONAL NAME | |
| Personal name | Ehrenberg, Benjamin. |
| 245 00 - TITLE STATEMENT | |
| Title | Proceedings of photochemotherapy, photodynamic therapy and other modalities, 14-16 September 1995, Barcelona, Spain / |
| Statement of responsibility, etc. | Benjamin Ehrenberg, Giulio Jori, Johan Moan [editors]. |
| 260 ## - PUBLICATION, DISTRIBUTION, ETC. (IMPRINT) | |
| Place of publication, distribution, etc. | Bellingham, WA : |
| Name of publisher, distributor, etc. | SPIE, |
| Date of publication, distribution, etc. | 1996. |
| 300 ## - PHYSICAL DESCRIPTION | |
| Extent | xxi, 564 p. : |
| Other physical details | ill. ; |
| Dimensions | 28 cm. |
| 490 1# - SERIES STATEMENT | |
| Series statement | Progress in biomedical optics |
| 490 1# - SERIES STATEMENT | |
| Series statement | SPIE proceedings series ; |
| Volume/sequential designation | v. 2625 |
| 504 ## - BIBLIOGRAPHY, ETC. NOTE | |
| Bibliography, etc | Includes bibliographical references and index. |
| 650 #0 - SUBJECT ADDED ENTRY--TOPICAL TERM | |
| Topical term or geographic name as entry element | Cancer |
| General subdivision | Photochemotherapy |
| Form subdivision | Congresses. |
| 700 1# - ADDED ENTRY--PERSONAL NAME | |
| Personal name | Jori, Giulio. |
| 700 1# - ADDED ENTRY--PERSONAL NAME | |
| Personal name | Moan, Johan. |
| 942 ## - ADDED ENTRY ELEMENTS (KOHA) | |
| Source of classification or shelving scheme | Library of Congress Classification |
| Koha item type | General circulation |
| Withdrawn status | Lost status | Source of classification or shelving scheme | Damaged status | Not for loan | Home library | Current library | Shelving location | Date acquired | Source of acquisition | Total Checkouts | Full call number | Barcode | Date last seen | Price effective from | Koha item type | Public note |
|---|---|---|---|---|---|---|---|---|---|---|---|---|---|---|---|---|
| Library of Congress Classification | Main Campus Library | Main Campus Library | General Stacks | 10/05/2016 | Donation- Books for Africa | RC 271 .E34 1996 | 2016/017857 | 10/05/2016 | 10/05/2016 | General circulation | stv |